000 00801nas a2200289 4500
001 BR7908439
003 BR-BrBNA
005 20231205084027.0
007 ta
008 230509b bl.|||p| |||| 00| 00por d
040 _aBR-BrBNA
_bpor
_cBiblioteca Nacional de Agricultura
041 _a(Pt)
072 _aF25; E70; E15
100 1 _aAnon.
245 1 _aRocha fosfatica: o pais ganha menor dependencia do exterior [Brasil]
650 _aROCHA FOSFATADA
650 _aFOSFATO
650 _aCREDITO
650 _aIMPORTACAO
650 _aCONSUMO
650 _aPRECO
650 _aESTOQUE
650 _aPOLITICA ECONOMICA
773 0 _tAgropecuaria (Brazil)
_xISSN 0365-2661
_g(Jul 1979), v. 1(4) p. 38-44
_wBR7908439
909 _a202311
_bLúcia
_c55
_dLúcia Elande
942 _2AGRIS
_n0
_cANA
999 _c102678
_d102678